• 首页
  • 本馆介绍
  • 公告通知
  • 最新文献
  • 馆藏检索
  • 电子资源
  • 读者导购
  • 参考咨询
  • 我的图书馆
  • 登录
  • 详细信息显示
  • 放入我的书架
  • 预约/预借图书
  • 作者相关作品
  • 分类相关作品
  • 丛书相关作品
  • 出版社相关作品

书目信息

  • 表格格式
  • 工作单格式
  • 卡片格式
题名:
植物的欲望
    
 
作者: 波伦 著 ;王毅 译
分册:  
出版信息: 上海   上海人民出版社  2005
页数: 272页
开本: 23cm
丛书名: 世纪人文系列丛书
单 册:
中图分类: Q94-49
科图分类:
主题词: 植物 , 植物--普及读物
电子资源:
ISBN: 7-208-05420-7
000 01189oam2 2200313 450
001 003191552
005 20061101162510.59
010    @a7-208-05420-7@dCNY28.00
100    @a20060104d2005 em y0chiy0110 ea
101 1  @achi@ceng
102    @aCN@b310000
105    @ay z 000cy
200 1  @a植物的欲望@9zhi wu de yu wang@e植物眼中的世界@f(美)迈克尔·波伦(Michael Pollan)著@g王毅译
210    @a上海@c上海人民出版社@d2005
215    @a272页@d23cm
225 2  @a世纪人文系列丛书@i开放人文
308    @a丛书第五辑
312    @a封面英文题名:The botany of desire: a plant's-eye view of the world
330    @a本书讲述了关于四种日常植物的一些迷人的故事。这四种植物包含了人类与自然界的最为重要的某些联系。作者把令人着迷的轶事和易于理解的科学编织成了文采斐然的散文,是关于人和自然的叙述。
462  0 @12001 @a开放人文
510 1  @aBotany of desire@ea plant's-eye view of the world@zeng
517 1  @a植物眼中的世界@9zhi wu yan zhong de shi jie
606 0  @a植物
606 0  @a植物@j普及读物
690    @aQ94-49@v4
701  0 @c(美)@a波伦@9bo lun@c(Pollan, Michael)@4著
702  0 @a王毅@9wang yi@c(植物学)@4译
801  0 @aCN@bNLC@c20061101
905    @a10447@dQ94-49@e140
    
    植物的欲望:植物眼中的世界/(美)迈克尔·波伦(Michael Pollan)著/王毅译.-上海:上海人民出版社,2005
    272页;23cm.-(世纪人文系列丛书.开放人文)
    
    
    ISBN 7-208-05420-7:CNY28.00
    本书讲述了关于四种日常植物的一些迷人的故事。这四种植物包含了人类与自然界的最为重要的某些联系。作者把令人着迷的轶事和易于理解的科学编织成了文采斐然的散文,是关于人和自然的叙述。
●
相关链接 在E读中查询图书 在五车中查询图书 在当当中查询图书 在豆瓣中查询图书


正题名:植物的欲望     索取号:Q94-49/140         预约/预借

序号 登录号 条形码 馆藏地/架位号 状态 备注
1 0387806   203878063   第二样本阅览室/ [索取号:Q94-49/140] 在馆    
2 0387807   203878072   第三借阅区/ [索取号:Q94-49/140] 在馆    
3 0387808   203878081   第三借阅区/ [索取号:Q94-49/140] 在馆    
4 0387809   203878090   第三借阅区/ [索取号:Q94-49/140] 在馆    
5 0387810   203878107   第三借阅区/ [索取号:Q94-49/140] 在馆    
6 0387811   203878116   第三借阅区/ [索取号:Q94-49/140] 在馆    
唐山师范学院图书馆 欢迎您!
大连网信软件有限公司© 版权所有